[Event "World School-ch U09 Girls"]
[Site "Rhodes"]
[Date "2023.04.22"]
[Round "9"]
[White "Babazade, Khadija"]
[Black "Berikkyzy, Alanna"]
[Result "0-1"]
[WhiteElo "1047"]
[BlackElo "1345"]
[PlyCount "76"]
[EventDate "2023.04.14"]
[EventType "swiss"]
[EventRounds "9"]
[EventCountry "GRE"]
[SourceTitle "EXT 2024"]
[Source "ChessBase"]
[SourceDate "2023.10.10"]
[SourceVersion "1"]
[SourceVersionDate "2023.10.10"]
[SourceQuality "1"]

1. d4 Nf6 2. c4 e6 3. a3 c5 4. d5 b5 5. dxe6 fxe6 6. cxb5 d5 7. Bg5 Be7 8. e3 0-0 9. Nf3 a6 10. Nc3 axb5 11. Bxb5 Ba6 12. 0-0 Bxb5 13. Nxb5 Qb6 14. a4 Nc6 15. Qe2 e5 16. Rfd1 e4 17. Ne1 Rad8 18. Nc3 Nb4 19. Qb5 Qe6 20. a5 Qf5 21. Bf4 Nh5 22. Ne2 Bd6 23. Ng3 Nxg3 24. fxg3 g5 25. Qe2 gxf4 26. gxf4 d4 27. g3 dxe3 28. Qxe3 c4 29. b3 Bc5 30. Qxc5 Qxc5+ 31. Kh1 Rxd1 32. Rxd1 c3 33. Rc1 Qe3 34. Ra1 c2 35. Nxc2 Nxc2 36. Rg1 Rd8 37. a6 Qf3+ 38. Rg2 Rd1# 0-1